10 Questions sur ce Quiz - Statistiques

Statistiques générales
  • Ce quiz a été pris 233 fois
    148 depuis la dernière actualisation
  • Le résultat moyen est 8 sur 10
Statistiques - réponses
Question Réponse % Correct
Combien de questions a ce quiz? 10
99%
Il se trouves sur quel site? JetPunk
98%
Est-ce que ce quiz te plaît? Bien sûr!
95%
Combien de mots a cette question? 6
90%
A quelle question ai-je ajouté une lettre au verbe? à la troisieme
89%
Combien de temps as-tu pour faire ce quiz? cinq minutes
87%
Il était modifié dans quel moins? Janvier
67%
J'ai crée ce quiz parce que je m'... ennuyais
62%
Qui a le crée? Gossguy
53%
Quelle est la réponse sur cette question? magnifique
37%
Aucun quiz correspondant
Distribution des résultats
% des personnes avec chaque résultat
Percentile par nombre de réponses
Votre historique - résultats
Vous n’avez pas pris ce quiz depuis la dernière actualisation